ABBÉ JEAN PAULMIER, Mémoires touchant l’établissement d’une mission chrétienne dans le troisième monde/Autrement appelé, La Terre Australe, Méridionale, Antartique, & inconnuë. Édition cri tique, établie, présentée et annotée par MARGARET SANKEY, P. Honoré Champion, coll. Les Géographies du monde, VII, 2006. Un vol. de 400 p., avec 22 cartes. (notice n° 1654723)
[ vue normale ]
| 000 -LEADER | |
|---|---|
| fixed length control field | 01774cam a2200157 4500500 |
| 005 - DATE AND TIME OF LATEST TRANSACTION | |
| control field | 20260208010003.0 |
| 041 ## - LANGUAGE CODE | |
| Language code of text/sound track or separate title | fre |
| 042 ## - AUTHENTICATION CODE | |
| Authentication code | dc |
| 100 10 - MAIN ENTRY--PERSONAL NAME | |
| Personal name | Ronzeaud, Pierre |
| Relator term | author |
| 245 00 - TITLE STATEMENT | |
| Title | ABBÉ JEAN PAULMIER, Mémoires touchant l’établissement d’une mission chrétienne dans le troisième monde/Autrement appelé, La Terre Australe, Méridionale, Antartique, & inconnuë. Édition cri tique, établie, présentée et annotée par MARGARET SANKEY, P. Honoré Champion, coll. Les Géographies du monde, VII, 2006. Un vol. de 400 p., avec 22 cartes. |
| 260 ## - PUBLICATION, DISTRIBUTION, ETC. | |
| Date of publication, distribution, etc. | 2010.<br/> |
| 500 ## - GENERAL NOTE | |
| General note | 62 |
| 520 ## - SUMMARY, ETC. | |
| Summary, etc. | L’œuvre de Jean-Paul de Dadelsen nous est parvenue essentiellement par l’intermédiaire d’un volume de poésie, publié chez Gallimard en 1962 sous le titre de Jonas, puis réédité en 2005, dans une version qui adjoint au précédent corpus un nouvel ensemble de textes. Écrite dans l’urgence, cette œuvre poignante évoque avec la même vigueur l’enfance alsacienne, la Seconde Guerre mondiale et le cancer dont meurt Dadelsen en 1957. Bien qu’intime et autobiographique, la poésie de Dadelsen dialogue avec divers corpus philosophiques, parmi lesquels la tradition platonicienne. Ce lien se manifeste sur le plan de la topologie et de la cosmologie que dessine Jonas, mais aussi de la psychologie que suppose le recueil — entendue au sens de science des âmes ; en dernier lieu, l’Éros dadelsenien, puissance ambiguë, paraît comparable, dans une certaine mesure, à l’Éros platonicien. |
| 786 0# - DATA SOURCE ENTRY | |
| Note | Revue d'histoire littéraire de la France | 110 | 1 | 2010-03-01 | p. 191f-202f | 0035-2411 |
| 856 41 - ELECTRONIC LOCATION AND ACCESS | |
| Uniform Resource Identifier | <a href="https://shs.cairn.info/revue-d-histoire-litteraire-de-la-france-2010-1-page-191f?lang=fr&redirect-ssocas=7080">https://shs.cairn.info/revue-d-histoire-litteraire-de-la-france-2010-1-page-191f?lang=fr&redirect-ssocas=7080</a> |
Pas d'exemplaire disponible.




Réseaux sociaux